000 00276nam a22001217a 4500
008 170620b xxu||||| |||| 00| 0 eng d
041 _aeng
080 _a32
100 _a20
101 _aSHP
245 _aWORLD BOOK OF AMERICAN PRESIDENTS
_cZELENY.R.O
942 _2udc
_cBK
999 _c18321
_d18321